000 00962cam a2200205 4500
001 WB3719-40
008 000000n2001 000 0 eng u
035 _a(Sirsi) u112579
245 _aCode of measuring practice revised
260 _c2001
490 _aCSM (Chartered Surveyor Monthly)
_vMay 2001, 5(1)
520 _aThe Property Measurement Panel has completed its revision of the fourth edition of the RICS "Code of Measuring Practice". The code includes a new section on leisure property. Members are invited to comment on the fifth edition before it is published. To obtain a draft copy of the document please contact Paul Bagust in the Valuation Faculty. Tel: 020 7222 7000 x210 (or email: [email protected]).
590 _aWB
650 _aRICS CODE OF MEASURING PRACTICE
650 _aLEISURE PROPERTY
650 _aValuation
_96273
650 _aMeasurement
_96256
690 _aPROPERTY-PROPERTY APPRAISAL AND VALUATION
942 _n0
999 _c67006
_d67006